WWE Attitude Era - Statistics

General Stats
  • This quiz has been taken 7,941 times
  • The average score is 25 of 35
Answer Stats
Hint Answer % Correct
3:16 Stonecold Steve Austin
96%
Rest In Peace The Undertaker
95%
Y2J Chris Jericho
87%
Spear! Spear! Spear! Edge
87%
Olympic Gold Medalist Kurt Angle
87%
Are you ready??? (Stable) D generation X
86%
The Big Red Monster Kane
86%
7 foot 500 pounds Big Show
85%
Here comes the money Shane Mcmahon
85%
The Brahma Bull The Rock
85%
Latino Heat Eddie Guerrero
84%
Cerebral Assassin Triple H
82%
Chairman of WWE Vince Mcmahon
82%
Get the Tables (Tag team) Dudley Boys
78%
Brother of Bret Hart Owen Hart
77%
Mr. Wrestlemania Shawn Michaels
77%
Hardys & _______(A Womens champion) Lita
75%
7 time women's champion Trish Stratus
73%
I am best there is, the best there was and the best there ever will be. Bret "The Hitman" Hart
72%
His partner is Billy Gunn Road Dogg
72%
Hardcore Legend Mick Foley
71%
9th wonder of the world Chyna
69%
Bradshaw & Farooq (Tag team) APA
68%
Billion Dollar Princess Stephanie Mcmahon
66%
Baddest man on the planet (Boxer) Mike Tyson
62%
Rabid Wolverine Chris Benoit
61%
Shattered Dreams Goldust
61%
1-2-3 Kid X-pac
60%
Ho train The Godfather
59%
Charismatic Enigma Jeff Hardy
56%
Too cools & ______ Rikishi
53%
Hello Ladies...... Val venis
43%
Alabama Slamma Hardcore Holly
42%
Benoit, Guerrero, Malenko & ______ Perry Saturn
39%
Light Heavy weight Champion of Radicalz Dean Malenko
36%
No matching quizzes found
Score Distribution
Percent of People with Each Score
Percentile by Number Answered
Your Score History
You have not taken this quiz